000 00537 a2200169 4500
005 20250606165045.0
020 _a0-27365764 X
082 _aT E A LECT 658.72 LYS
100 _aLYSONS, K .
245 _aPurchasing and Supply Chain Management
250 _a6th Ed.
260 _aHarlow,
_bPrentice Hall,
_c2003.
300 _axviii, 780p.: ill.; figure, picture, table
_bindex,
_c24cm.
700 _aGILLINGHAM, M .
856 _yAccess Online Book
_fPurchasing and Supply Chain Management
_dwww.pearsoned.co.uk
942 _2ddc
_cBKS
999 _c3367
_d3367